| 000 | 00725nam a2200205 a 4500 | ||
|---|---|---|---|
| 001 | 000043859 | ||
| 005 | 20201002045017.0 | ||
| 008 | 140507s1995 gw 000 0 spa d | ||
| 020 | _z3775812782 | ||
| 040 |
_aDO-SdBNP _bspa _cBNPHU |
||
| 082 |
_axxxx _bxxxx |
||
| 111 | 1 |
_aSimposio internacional _n(2do: _d1992 jun. 10-13 _cCocoyoc, México) _971728 |
|
| 245 | 1 | 0 |
_aCultura política en América Latina / _cedición ; Josef Thesing; Konrad-Adenauer-Stiftung,. |
| 260 |
_aMainz : _bHase und Koehler Verlag, _c1995. |
||
| 300 |
_axxii, 194 ; _c21 cm. |
||
| 490 | 1 |
_aEdición en español _v16 |
|
| 500 | _aPolitische Kultur in Lateinamerika. | ||
| 700 | 1 | 2 |
_aThesing, Josef _eed. _971729 |
| 830 | 0 |
_aEdición en español _n16 _971730 |
|
| 999 |
_c43348 _d43348 |
||